<?xml version="1.0" encoding="UTF-8"?>
<collection xmlns="http://www.loc.gov/MARC21/slim">
 <record>
  <leader>01916nam a22002537a 4500</leader>
  <controlfield tag="001">NCT_146079</controlfield>
  <controlfield tag="008">230330b        xxu||||| |||| 00| 0 vie d</controlfield>
  <datafield tag="999" ind1=" " ind2=" ">
   <subfield code="c">7521</subfield>
   <subfield code="d">7521</subfield>
  </datafield>
  <datafield tag="020" ind1=" " ind2=" ">
   <subfield code="a">9786045782880</subfield>
   <subfield code="c">88000</subfield>
  </datafield>
  <datafield tag="082" ind1="0" ind2="4">
   <subfield code="2">23rd ed.</subfield>
   <subfield code="a">340.14</subfield>
   <subfield code="b">Đ305</subfield>
  </datafield>
  <datafield tag="100" ind1="1" ind2=" ">
   <subfield code="a">Nguyễn Ngọc Điện</subfield>
  </datafield>
  <datafield tag="245" ind1="1" ind2="0">
   <subfield code="a">Phương pháp phân tích luật viết</subfield>
   <subfield code="c">Nguyễn Ngọc Điện</subfield>
  </datafield>
  <datafield tag="250" ind1=" " ind2=" ">
   <subfield code="a">Xuất bản lần 4, có sửa chữa, bổ sung</subfield>
  </datafield>
  <datafield tag="260" ind1=" " ind2=" ">
   <subfield code="a">H.</subfield>
   <subfield code="b">Chính trị Quốc gia</subfield>
   <subfield code="c">2022</subfield>
  </datafield>
  <datafield tag="300" ind1=" " ind2=" ">
   <subfield code="a">219 tr.</subfield>
   <subfield code="c">21 cm</subfield>
  </datafield>
  <datafield tag="520" ind1="3" ind2=" ">
   <subfield code="a">Nội dung sách nhằm cung cấp một số phương pháp tiếp cận nội dung văn bản quy phạm pháp luật được thừa nhận và áp dụng phổ biến ở các nước có nền luật học phát triển, cũng như các khả năng vận dụng những phương pháp ấy trong hoạt động nghiên cứu và phân tích nội dung văn bản quy phạm pháp luật ở Việt Nam.</subfield>
  </datafield>
  <datafield tag="653" ind1=" " ind2=" ">
   <subfield code="a">Luật</subfield>
  </datafield>
  <datafield tag="942" ind1=" " ind2=" ">
   <subfield code="2">ddc</subfield>
   <subfield code="c">BK</subfield>
  </datafield>
  <datafield tag="952" ind1=" " ind2=" ">
   <subfield code="0">0</subfield>
   <subfield code="1">0</subfield>
   <subfield code="2">ddc</subfield>
   <subfield code="4">0</subfield>
   <subfield code="6">340_140000000000000_Đ305</subfield>
   <subfield code="7">0</subfield>
   <subfield code="9">27105</subfield>
   <subfield code="a">000001</subfield>
   <subfield code="b">000001</subfield>
   <subfield code="d">2023-03-30</subfield>
   <subfield code="o">340.14 Đ305</subfield>
   <subfield code="p">MD.21282</subfield>
   <subfield code="r">2023-03-30</subfield>
   <subfield code="v">88000.00</subfield>
   <subfield code="w">2023-03-30</subfield>
   <subfield code="y">BK</subfield>
  </datafield>
  <datafield tag="952" ind1=" " ind2=" ">
   <subfield code="0">0</subfield>
   <subfield code="1">0</subfield>
   <subfield code="2">ddc</subfield>
   <subfield code="4">0</subfield>
   <subfield code="6">340_140000000000000_Đ305</subfield>
   <subfield code="7">0</subfield>
   <subfield code="9">27106</subfield>
   <subfield code="a">000001</subfield>
   <subfield code="b">000001</subfield>
   <subfield code="d">2023-03-30</subfield>
   <subfield code="o">340.14 Đ305</subfield>
   <subfield code="p">MD.21283</subfield>
   <subfield code="r">2023-03-30</subfield>
   <subfield code="v">88000.00</subfield>
   <subfield code="w">2023-03-30</subfield>
   <subfield code="y">BK</subfield>
  </datafield>
  <datafield tag="952" ind1=" " ind2=" ">
   <subfield code="0">0</subfield>
   <subfield code="1">0</subfield>
   <subfield code="2">ddc</subfield>
   <subfield code="4">0</subfield>
   <subfield code="6">340_140000000000000_Đ305</subfield>
   <subfield code="7">0</subfield>
   <subfield code="9">27107</subfield>
   <subfield code="a">000001</subfield>
   <subfield code="b">000001</subfield>
   <subfield code="d">2023-03-30</subfield>
   <subfield code="o">340.14 Đ305</subfield>
   <subfield code="p">MD.21284</subfield>
   <subfield code="r">2023-03-30</subfield>
   <subfield code="v">88000.00</subfield>
   <subfield code="w">2023-03-30</subfield>
   <subfield code="y">BK</subfield>
  </datafield>
  <datafield tag="952" ind1=" " ind2=" ">
   <subfield code="0">0</subfield>
   <subfield code="1">0</subfield>
   <subfield code="2">ddc</subfield>
   <subfield code="4">0</subfield>
   <subfield code="6">340_140000000000000_Đ305</subfield>
   <subfield code="7">0</subfield>
   <subfield code="9">27108</subfield>
   <subfield code="a">000001</subfield>
   <subfield code="b">000001</subfield>
   <subfield code="d">2023-03-30</subfield>
   <subfield code="o">340.14 Đ305</subfield>
   <subfield code="p">MD.21285</subfield>
   <subfield code="r">2023-03-30</subfield>
   <subfield code="v">88000.00</subfield>
   <subfield code="w">2023-03-30</subfield>
   <subfield code="y">BK</subfield>
  </datafield>
  <datafield tag="952" ind1=" " ind2=" ">
   <subfield code="0">0</subfield>
   <subfield code="1">0</subfield>
   <subfield code="2">ddc</subfield>
   <subfield code="4">0</subfield>
   <subfield code="6">340_140000000000000_Đ305</subfield>
   <subfield code="7">0</subfield>
   <subfield code="9">27109</subfield>
   <subfield code="a">000001</subfield>
   <subfield code="b">000001</subfield>
   <subfield code="d">2023-03-30</subfield>
   <subfield code="o">340.14 Đ305</subfield>
   <subfield code="p">MD.21286</subfield>
   <subfield code="r">2023-03-30</subfield>
   <subfield code="v">88000.00</subfield>
   <subfield code="w">2023-03-30</subfield>
   <subfield code="y">BK</subfield>
  </datafield>
  <datafield tag="980" ind1=" " ind2=" ">
   <subfield code="a">Thư viện Trường Đại học Nam Cần Thơ</subfield>
  </datafield>
 </record>
</collection>
